<?xml version="1.0" encoding="UTF-8"?>
<record
    xmlns:xsi="http://www.w3.org/2001/XMLSchema-instance"
    xsi:schemaLocation="http://www.loc.gov/MARC21/slim http://www.loc.gov/standards/marcxml/schema/MARC21slim.xsd"
    xmlns="http://www.loc.gov/MARC21/slim">

  <leader>01940nam a2200217Ia 4500</leader>
  <controlfield tag="003">OSt</controlfield>
  <controlfield tag="005">20241127094534.0</controlfield>
  <controlfield tag="008">210210b2018   xxu||||| |||| 00| 0 eng d</controlfield>
  <datafield tag="040" ind1=" " ind2=" ">
    <subfield code="c">AL</subfield>
  </datafield>
  <datafield tag="041" ind1=" " ind2=" ">
    <subfield code="a">Kannada</subfield>
  </datafield>
  <datafield tag="082" ind1=" " ind2=" ">
    <subfield code="a">K894.9 MURV</subfield>
  </datafield>
  <datafield tag="100" ind1=" " ind2=" ">
    <subfield code="a">MURALIDHARA UPADHYA HIRIYADAKA </subfield>
    <subfield code="d">&#xCAE;&#xCC1;&#xCB0;&#xCB3;&#xCC0;&#xCA7;&#xCB0; &#xC89;&#xCAA;&#xCBE;&#xCA7;&#xCCD;&#xCAF; &#xCB9;&#xCBF;&#xCB0;&#xCBF;&#xCAF;&#xCA1;&#xC95; Ed</subfield>
    <subfield code="9">186716</subfield>
  </datafield>
  <datafield tag="245" ind1=" " ind2=" ">
    <subfield code="a">Vaidehi: jivana mattu kratigala samuha shodha</subfield>
    <subfield code="b">&#xCB5;&#xCC8;&#xCA6;&#xCC7;&#xCB9;&#xCBF; : &#xC9C;&#xCC0;&#xCB5;&#xCA8; &#xCAE;&#xCA4;&#xCCD;&#xCA4;&#xCC1; &#xC95;&#xCC3;&#xCA4;&#xCBF;&#xC97;&#xCB3; &#xCB8;&#xCAE;&#xCC2;&#xCB9; &#xCB6;&#xCCB;&#xCA7; </subfield>
  </datafield>
  <datafield tag="260" ind1=" " ind2=" ">
    <subfield code="a">Bengaluru</subfield>
    <subfield code="b">Abhinav Prakashan</subfield>
    <subfield code="c">2018</subfield>
  </datafield>
  <datafield tag="300" ind1=" " ind2=" ">
    <subfield code="a">363</subfield>
  </datafield>
  <datafield tag="520" ind1=" " ind2=" ">
    <subfield code="a">&#xCB5;&#xCC8;&#xCA6;&#xCC7;&#xCB9;&#xCBF; &#xC8E;&#xC82;&#xCAC; &#xC95;&#xCBE;&#xCB5;&#xCCD;&#xCAF;&#xCA8;&#xCBE;&#xCAE;&#xCA6;&#xCBF;&#xC82;&#xCA6; &#xCAA;&#xCCD;&#xCB0;&#xCB8;&#xCBF;&#xCA6;&#xCCD;&#xCA7;&#xCB0;&#xCBE;&#xC97;&#xCBF;&#xCB0;&#xCC1;&#xCB5; '&#xC9C;&#xCBE;&#xCA8;&#xC95;&#xCBF; &#xCB6;&#xCCD;&#xCB0;&#xCC0;&#xCA8;&#xCBF;&#xCB5;&#xCBE;&#xCB8;&#xCAE;&#xCC2;&#xCB0;&#xCCD;&#xCA4;&#xCBF;'&#xCAF;&#xCB5;&#xCB0;&#xCC1; &#xC95;&#xCA8;&#xCCD;&#xCA8;&#xCA1;&#xCA6; &#xCAA;&#xCCD;&#xCB0;&#xCAE;&#xCC1;&#xC96; &#xCB2;&#xCC7;&#xC96;&#xC95;&#xCBF;&#xCAF;&#xCB0;&#xCB2;&#xCCD;&#xCB2;&#xCCA;&#xCAC;&#xCCD;&#xCAC;&#xCB0;&#xCC1;.

&#xCB8;&#xCA3;&#xCCD;&#xCA3;&#xC95;&#xCA5;&#xCC6;, &#xC95;&#xCBE;&#xCB5;&#xCCD;&#xCAF;, &#xC95;&#xCBE;&#xCA6;&#xC82;&#xCAC;&#xCB0;&#xCBF;&#xC97;&#xCB3;&#xCC1;, &#xCAE;&#xC95;&#xCCD;&#xC95;&#xCB3; &#xCB8;&#xCBE;&#xCB9;&#xCBF;&#xCA4;&#xCCD;&#xCAF;, &#xC85;&#xCA8;&#xCC1;&#xCB5;&#xCBE;&#xCA6; &#xCB8;&#xCBE;&#xCB9;&#xCBF;&#xCA4;&#xCCD;&#xCAF;, &#xCAA;&#xCCD;&#xCB0;&#xCAC;&#xC82;&#xCA7; &#xCAE;&#xCC1;&#xC82;&#xCA4;&#xCBE;&#xCA6;&#xCB5;&#xCC1;&#xC97;&#xCB3; &#xCAE;&#xCC2;&#xCB2;&#xC95; &#xCB9;&#xCC6;&#xCB8;&#xCB0;&#xCC1;&#xCB5;&#xCBE;&#xCB8;&#xCBF;&#xCAF;&#xCBE;&#xC97;&#xCBF;&#xCA6;&#xCCD;&#xCA6;&#xCBE;&#xCB0;&#xCC6;.&#xCAE;&#xCC1;&#xC96;&#xCCD;&#xCAF;&#xCB5;&#xCBE;&#xC97;&#xCBF; &#xCB5;&#xCC8;&#xCA6;&#xCC7;&#xCB9;&#xCBF; &#xC85;&#xCB5;&#xCB0; &#xC95;&#xCC3;&#xCA4;&#xCBF;&#xC97;&#xCB3;&#xCB2;&#xCCD;&#xCB2;&#xCBF; &#xCAE;&#xCB9;&#xCBF;&#xCB3;&#xCC6;&#xCAF;&#xCB0; &#xCAE;&#xCC7;&#xCB2;&#xCC6; &#xCA8;&#xCA1;&#xCC6;&#xCAF;&#xCC1;&#xCB5; &#xC85;&#xCA8;&#xCCD;&#xCAF;&#xCAF;,&#xC85;&#xC95;&#xCCD;&#xCB0;&#xCAE;&#xC97;&#xCB3;&#xCA8;&#xCCD;&#xCA8;&#xCC1; &#xCB5;&#xCBF;&#xCB5;&#xCB0;&#xCBF;&#xCB8;&#xCB2;&#xCBE;&#xC97;&#xCBF;&#xCA6;&#xCC6;.&#xC85;&#xCB5;&#xCB0; &#xC95;&#xCCC;&#xC82;&#xC9A;&#xCAA;&#xC95;&#xCCD;&#xCB7;&#xCBF;&#xC97;&#xCB3;&#xCC1; &#xC95;&#xCA5;&#xCBE; &#xCB8;&#xC82;&#xC95;&#xCB2;&#xCA8;&#xC95;&#xCCD;&#xC95;&#xCC6; 2009&#xCB0; &#xCA6;&#xCC6;&#xCB9;&#xCB2;&#xCBF;&#xCAF; &#xCB8;&#xCBE;&#xCB9;&#xCBF;&#xCA4;&#xCCD;&#xCAF; &#xC85;&#xC95;&#xCBE;&#xCA1;&#xCC6;&#xCAE;&#xCBF;&#xCAF; &#xCAA;&#xCCD;&#xCB0;&#xCB6;&#xCB8;&#xCCD;&#xCA4;&#xCBF; &#xCA6;&#xCCA;&#xCB0;&#xCC6;&#xCA4;&#xCBF;&#xCA6;&#xCC6;. &#xC85;&#xCB5;&#xCB0; '&#xC97;&#xCC1;&#xCB2;&#xCBE;&#xCAC;&#xCBF;&#xC9F;&#xCBE;&#xC95;&#xCC0;&#xCB8;&#xCCD;' &#xC9A;&#xCB2;&#xCA8;&#xC9A;&#xCBF;&#xCA4;&#xCCD;&#xCB0;&#xCB5;&#xCBE;&#xC97;&#xCBF;&#xCA6;&#xCC6;.&#xC85;&#xCB5;&#xCB0; &#xC9C;&#xCC0;&#xCB5;&#xCA8;&#xCB6;&#xCC8;&#xCB2;&#xCBF;,&#xC95;&#xCA5;&#xCC6;&#xC97;&#xCB3; &#xCAC;&#xC97;&#xCCD;&#xC97;&#xCC6; &#xC88; &#xCAA;&#xCC1;&#xCB8;&#xCCD;&#xCA4;&#xC95;&#xCA6;&#xCB2;&#xCCD;&#xCB2;&#xCBF; &#xCB5;&#xCBF;&#xCB5;&#xCB0;&#xCBF;&#xCB8;&#xCB2;&#xCBE;&#xC97;&#xCBF;&#xCA6;&#xCC6;.</subfield>
  </datafield>
  <datafield tag="650" ind1=" " ind2=" ">
    <subfield code="a">Vaidehi:</subfield>
    <subfield code="9">186717</subfield>
  </datafield>
  <datafield tag="690" ind1=" " ind2=" ">
    <subfield code="a">Kannada Criticism</subfield>
    <subfield code="9">186723</subfield>
  </datafield>
  <datafield tag="906" ind1=" " ind2=" ">
    <subfield code="a">073105</subfield>
  </datafield>
  <datafield tag="942" ind1=" " ind2=" ">
    <subfield code="2">ddc</subfield>
    <subfield code="c">BK</subfield>
  </datafield>
  <datafield tag="999" ind1=" " ind2=" ">
    <subfield code="c">122878</subfield>
    <subfield code="d">122878</subfield>
  </datafield>
  <datafield tag="952" ind1=" " ind2=" ">
    <subfield code="0">0</subfield>
    <subfield code="1">0</subfield>
    <subfield code="2">ddc</subfield>
    <subfield code="4">0</subfield>
    <subfield code="7">0</subfield>
    <subfield code="8">KAN</subfield>
    <subfield code="a">AL</subfield>
    <subfield code="b">AL</subfield>
    <subfield code="d">2021-02-17</subfield>
    <subfield code="e">Navakarnataka Publication Pvt Ltd., Mangalore</subfield>
    <subfield code="g">500.00</subfield>
    <subfield code="l">0</subfield>
    <subfield code="o">K894.9 MURV</subfield>
    <subfield code="p">073105</subfield>
    <subfield code="r">2021-02-17 00:00:00</subfield>
    <subfield code="w">2021-02-17</subfield>
    <subfield code="y">BK</subfield>
  </datafield>
</record>
